00798nam a2200229 a 450000100060000000300080000600500170001400800410003103500190007204000350009104100080012608200240013410000320015824500890019026000410027930000250032050000190034565000230036494200120038799900170039995201520041657179BD-RJUL20211209080457.0161206s1950 enk b 001 0 eng d a(BD-RjUL)57303 aBD-RjULbengcBD-RjULdBD-RjUL aeng 223a146.4bCOI 19501 aCornforth, Maurice 916983110aIn defence of philosophy : bagainst positivism and pragmatism /cMaurice Cornforth. aLondon :bLawrence & Wishart,c1950. axv, 260 p. ;c22 cm. aIncludes index 0aPositivism9169832 2ddccBK c57179d57179 00102ddc40718NFICaRUCLbRUCLcReadingd1990-09-11e Professor Shawkat Osmang0.00l0o146.4 COI 1950r2016-12-06 00:00:00tC-1w2016-12-06yBK